Southville International School and Colleges
Your cart is empty.
  • Cart
  • Lists
    Public lists Eva Luna New books Lux_list list_1
    Your lists Log in to create your own lists
  • Log in to your account
  • Your cookies
  • Search history
Southville International School and Colleges
  • Advanced search
  • Recent comments
  • Most popular
  • Libraries

Log in to your account

Log in with GOOGLE


If you do not have an external account, but do have a local account, you can still log in:

  1. Home
  2. MARC view: The Gallant tailor /
Normal view MARC view ISBD view

The Gallant tailor / (Record no. 103474)

[ view plain ]
MARC details
000 -LEADER
fixed length control field 00560nam a2200205 a 4500
005 - DATE AND TIME OF LATEST TRANSACTION
control field 20140412111302.0
008 - FIXED-LENGTH DATA ELEMENTS--GENERAL INFORMATION
fixed length control field 001120s19uu xx 00 eng d
020 ## - INTERNATIONAL STANDARD BOOK NUMBER
International Standard Book Number 983-9072-25-0
050 ## - LIBRARY OF CONGRESS CALL NUMBER
Classification number ER
Item number Ga11 1993
050 ## - LIBRARY OF CONGRESS CALL NUMBER
Classification number ER
Item number Ga11
100 ## - MAIN ENTRY--PERSONAL NAME
Personal name Marican, Y. Mansoor
245 ## - TITLE STATEMENT
Title The Gallant tailor /
Statement of responsibility, etc illustrated by Linda Worral ; by Y. Mansoor Marican.
260 ## - PUBLICATION, DISTRIBUTION, ETC. (IMPRINT)
Place of publication, distribution, etc Kuala Lumpur :
Name of publisher, distributor, etc MECRON,
Date of publication, distribution, etc 1993.
300 ## - PHYSICAL DESCRIPTION
Extent 1 v. (unp.)
440 ## - SERIES STATEMENT/ADDED ENTRY--TITLE
Title MECRON well-loved tales
650 ## - SUBJECT ADDED ENTRY--TOPICAL TERM
Topical term or geographic name as entry element Folktales
650 ## - SUBJECT ADDED ENTRY--TOPICAL TERM
Topical term or geographic name as entry element Reading
Holdings
Withdrawn status Lost status Damaged status Use restrictions Home library Current library Shelving location Date acquired Source of acquisition Total Checkouts Full call number Barcode Date last seen Price effective from Koha item type
        Elizalde Library Elizalde Library Easy Reading Section 11/20/2000     ER Ga11 1993 E4950 04/12/2014 04/12/2014 Books
        Elizalde Library Elizalde Library Easy Reading Section 04/02/2001     ER Ga11 E6992 04/12/2014 04/12/2014 Books

The Gallant tailor /

APA

Marican Y. M., . (1993). The Gallant tailor. Kuala Lumpur: MECRON.

Chicago

Marican Y Mansoor, . 1993. The Gallant tailor. Kuala Lumpur: MECRON.

Harvard

Marican Y. M., . (1993). The Gallant tailor. Kuala Lumpur: MECRON.

MLA

Marican Y Mansoor, . The Gallant tailor. Kuala Lumpur: MECRON. 1993.

  • Place hold
  • Print
  • Cite
  • Add to your cart (remove)
  • Save record
    BIBTEX Dublin Core MARCXML MARC (non-Unicode/MARC-8) MARC (Unicode/UTF-8) MARC (Unicode/UTF-8, Standard) MODS (XML) RIS
  • More searches
    Search for this title in:
    Other Libraries (WorldCat) Other Databases (Google Scholar) Online Stores (Bookfinder.com) Open Library (openlibrary.org)

Exporting to Dublin Core...

SOUTHVILLE LIBRARY

Southville International School and Colleges Library

1281 Tropical Ave. Cor. Luxembourg St., BF Homes International, Las Pinas City

Tel. No. 8256374 / 252358 Loc. 117/146

Powered by Koha